Tp̤icos acerca de la cultura y conocimiento jurd̕ico del siglo XXI

Bibliographic Details
Main Author: Sǹchez Sifriano, Reyna
Format: eBook
Language:Spanish
Published: Madrid: Dykinson, 2018
Subjects:
Online Access:Acceso restringido

MARC

LEADER 00000nam a22000007a 4500
005 20190412124624.0
007 cr|||| ||||
008 190412s2018 es |||||s|||| 00||0 spa d
020 |a 978-84-9148-985-6 
035 |a 23001 
040 |a vLex 
090 |c 8612  |d 8612 
100 1 |a Sǹchez Sifriano, Reyna 
245 1 0 |a Tp̤icos acerca de la cultura y conocimiento jurd̕ico del siglo XXI  |h [Recurso electrn̤ico] /  |c Reyna Sǹchez Sifriano 
256 |a Servicio en ln̕ea 
260 |a Madrid:  |b Dykinson,  |c 2018 
300 |a 1 recurso electrn̤ico 
500 |a Tp̤icos sobre la cultura y conocimiento jurd̕ico es una investigacin̤ integral con un grado de complejidad y profundidad producto de ms̀ de 10 aǫs de experiencia en la investigacin̤ de prc̀tica cientf̕ica del Derecho. La presente obra proporciona a los estudiosos del Derecho: abogados postulantes, a quienes procuran, administran e imparten justicia, informacin̤ acerca de los diferentes enfoques sobre los Derechos Humanos, y su impacto en diversos derechos fundamentales: a la vida, la libertad, el derecho de la mujer de ejercer su sexualidad, su derecho a la autodeterminacin̤ de la reproduccin̤ de la mujer. Adems̀, se enriquece el presente libro con los criterios jurisprudenciales con respecto a la interrupcin̤ del embarazo, a travš del aborto consentido y la problemt̀ica que se plasma sobre la ponderacin̤ del aborto, as ̕como de la legislacin̤ nacional e internacional respecto a la persecucin̤ del aborto. Otro tp̤ico importante, es lo referente al principio pro persona en relacin̤ al derecho de la autodeterminacin̤ reproductiva de la mujer, desde la perspectiva de la convencionalidad, considerando, a la biotecnologa̕ y su relacin̤ con el cd̤igo genťico, la manipulacin̤ genťica y lo referente a la huella genťica. Tambiň, se logran algunas reflexiones acerca de la clonacin̤ humana y sus dilemas. Adems̀, se hace referencia sobre la despenalizacin̤ de la cannabis en Mx̌ico y el tp̤ico relativo de los criterios jurisdiccionales de la Suprema Corte de Justicia de la Nacin̤ en Mx̌ico, para juzgar con perspectiva de gňero, bajo el contexto de los Derechos Humanos. 
506 1 |a Disponible solo en los productos indicados  |d vLex Global  |d vLex Global (Academic Edition, excluding Law Schools)  |d vLex Global (U.S. Academic Edition, Law Schools)  |d vLex Global (U.S. Academic Edition, excluding Law Schools)  |d vLex Global (Academic Edition, Law Schools) 
650 0 4 |a Derecho Militar  |z Espaą 
740 0 |a vLex Libros (Servicio en ln̕ea) 
856 4 0 |u http://vlex.com/source/tagsos-acerca-de-la-cultura-y-conocimiento-juridico-del-siglo-xxi-23001  |z Acceso restringido 
942 |c BOOK 
999 0 |a Military Law